Central Library OPAC University of Rajshahi

Geochemistry / (Record no. 11527)

MARC details
000 -LEADER
fixed length control field 00818cam a22002651 4500
001 - CONTROL NUMBER
control field 11527
003 - CONTROL NUMBER IDENTIFIER
rucl marc code BD-RjUL
005 - DATE AND TIME OF LATEST TRANSACTION
control field 20211208235136.0
008 - FIXED-LENGTH DATA ELEMENTS--GENERAL INFORMATION
fixed length control field 140127r19681950ilua b 000 0 eng
035 ## - SYSTEM CONTROL NUMBER
System control number (BD-RjUL)11576
System control number (OCoLC)519110
040 ## - CATALOGING SOURCE
Original cataloging agency DLC
Transcribing agency OKentU
Modifying agency OCoLC
-- Uk
-- DLC
-- BD-RjUL
Language of cataloging eng
041 ## - LANGUAGE CODE
Language code of text/sound track or separate title eng
082 00 - DEWEY DECIMAL CLASSIFICATION NUMBER
Classification number 551
Author mark and year RAG 1968
100 1# - MAIN ENTRY--PERSONAL NAME
Personal name Rankama, Kalervo,
Dates associated with a name 1913-
9 (RLIN) 34440
245 00 - TITLE STATEMENT
Title Geochemistry /
Statement of responsibility, etc. by Kalervo Rankama and Th. G. Sahama.
260 ## - PUBLICATION, DISTRIBUTION, ETC. (IMPRINT)
Place of publication, distribution, etc. Chicago :
Name of publisher, distributor, etc. University of Chicago Press,
Date of publication, distribution, etc. c1950 [Impression 1968].
300 ## - PHYSICAL DESCRIPTION
Pagination xvi, 911 p. :
Illustrations diagrs ;
Size 25 cm.
504 ## - BIBLIOGRAPHY, ETC. NOTE
Bibliography, etc Bibliography: p. 80[5]-838.
650 #0 - SUBJECT ADDED ENTRY--TOPICAL TERM
Topical term or geographic name as entry element Geochemistry.
9 (RLIN) 34529
700 1# - ADDED ENTRY--PERSONAL NAME
Personal name Sahama, Thure Georg,
Dates associated with a name 1910-
Relator term joint author.
942 ## - ADDED ENTRY ELEMENTS (KOHA)
Source of classification or shelving scheme Dewey Decimal Classification
Koha item type Books
Holdings
Lost status Source of classification or shelving scheme Damaged status Not for loan Collection code Permanent Location Current Location Shelving location Date acquired Source of acquisition Cost, normal purchase price Full call number Date last seen Copy number Koha item type Total Checkouts
  Dewey Decimal Classification     Non-fiction Central Library, University of Rajshahi Central Library, University of Rajshahi General Stacks 31/05/1979 Heffers. 15.35 551 RAG 1968 27/01/2014 C-2 Books  
  Dewey Decimal Classification   Not For Loan Non-fiction Central Library, University of Rajshahi Central Library, University of Rajshahi Reading Room 31/05/1979 Heffer 15.35 551 RAG 1968 08/10/2024 C-1 Books